[Event "FRA-chT4 1011"]
[Site "Champagne Ardennes"]
[Date "2011.05.15"]
[Round "7.6"]
[White "Baret, Benoit"]
[Black "Parisot, Anthony"]
[Result "1/2-1/2"]
[WhiteElo "1490"]
[BlackElo "1665"]
[PlyCount "95"]
[EventDate "2010.10.10"]
[EventType "team-tourn"]
[EventRounds "7"]
[EventCountry "FRA"]
[SourceTitle "EXT 2024"]
[Source "ChessBase"]
[SourceDate "2023.10.10"]
[SourceVersion "1"]
[SourceVersionDate "2023.10.10"]
[SourceQuality "1"]

1. d4 d5 2. c4 e6 3. Nc3 c6 4. Bf4 dxc4 5. e4 b5 6. Nf3 Bb4 7. a3 Bxc3+ 8. bxc3 Nf6 9. Qc2 Nbd7 10. Be3 Bb7 11. Nd2 Qc7 12. f3 Rd8 13. Rb1 a6 14. Be2 e5 15. dxe5 Nxe5 16. Bd4 Nd3+ 17. Bxd3 cxd3 18. Qb3 0-0 19. 0-0 Rd7 20. Rfd1 c5 21. Bxf6 c4 22. Qb4 gxf6 23. a4 Bc6 24. axb5 Bxb5 25. Qa3 Rc8 26. Rb4 Qc5+ 27. Kh1 f5 28. Qa2 fxe4 29. Nxe4 Qe3 30. Nf6+ Kg7 31. Nxd7 Bxd7 32. Qd2 Qxd2 33. Rxd2 Re8 34. Rb1 Ba4 35. h3 Bc2 36. Ra1 Re2 37. Rxe2 dxe2 38. Kg1 a5 39. Kf2 a4 40. Kxe2 Kf6 41. Ke3 Ke5 42. g4 Bb3 43. Ra3 Bc2 44. Ra2 Bb3 45. Ra1 Bc2 46. Re1 Bb3 47. f4+ Kd5 48. Kd2 1/2-1/2

[Event "FRA-chT4 1011"]
[Site "Champagne Ardennes"]
[Date "2011.02.06"]
[Round "5"]
[White "Djemouai, Medhi"]
[Black "Parisot, Anthony"]
[Result "0-1"]
[WhiteElo "1630"]
[BlackElo "1664"]
[PlyCount "70"]
[EventDate "2010.10.10"]
[EventType "team-tourn"]
[EventRounds "7"]
[EventCountry "FRA"]
[SourceTitle "EXT 2024"]
[Source "ChessBase"]
[SourceDate "2023.10.10"]
[SourceVersion "1"]
[SourceVersionDate "2023.10.10"]
[SourceQuality "1"]

1. d4 d5 2. c4 e6 3. Nf3 c6 4. Nc3 dxc4 5. e4 b5 6. Bd2 Bb7 7. Nb1 c5 8. dxc5 Bxc5 9. Qc2 Nf6 10. Bg5 Qb6 11. Bxf6 gxf6 12. a4 a6 13. Na3 Nd7 14. Nb1 Ne5 15. Nxe5 fxe5 16. f3 Ke7 17. Be2 Rhd8 18. a5 Qc7 19. Nd2 Bb4 20. Rd1 Qxa5 21. g3 Rd7 22. 0-0 Rxd2 23. Rxd2 Bxd2 24. Rd1 Rd8 25. Kg2 Be3 26. Rxd8 Qxd8 27. Qc3 Qd2 28. Qxe5 Qxe2+ 29. Kh3 Bc8 30. Qc7+ Bd7 31. Qe5 Qxf3 32. Qg7 Qf1+ 33. Kg4 h5+ 34. Kh4 Qf6+ 35. Qxf6+ Kxf6 0-1

[Event "FRA-ch op-D"]
[Site "Pau"]
[Date "2008.08.19"]
[Round "7"]
[White "Sanchez, Amelie"]
[Black "Parisot, Anthony"]
[Result "1/2-1/2"]
[WhiteElo "1470"]
[BlackElo "1490"]
[PlyCount "150"]
[EventDate "2008.08.11"]
[EventType "swiss"]
[EventRounds "9"]
[EventCountry "FRA"]
[SourceTitle "CBM 126 Extra"]
[Source "ChessBase"]
[SourceDate "2008.11.05"]
[SourceVersion "1"]
[SourceVersionDate "2008.11.05"]
[SourceQuality "1"]

1. e4 d5 2. exd5 Qxd5 3. Nc3 Qd6 4. Nf3 a6 5. h3 Nf6 6. Bc4 b5 7. Bb3 Bb7 8. 0-0 e6 9. d3 Be7 10. Qe2 Nbd7 11. a3 0-0 12. Bg5 h6 13. Bh4 c5 14. Rfe1 Rfe8 15. Rad1 Qc7 16. Bg3 Bd6 17. Bxd6 Qxd6 18. Ne4 Qc7 19. Nfd2 Rad8 20. Qe3 Nd5 21. Qg3 Qxg3 22. Nxg3 N7f6 23. f3 Nb6 24. Nde4 Nxe4 25. fxe4 e5 26. Rf1 Rd7 27. Kf2 Kf8 28. Ke2 f6 29. Rf3 a5 30. c4 b4 31. axb4 axb4 32. Nf1 Ra8 33. Ng3 Nc8 34. Nf5 Ne7 35. Ne3 Bc6 36. Ng4 Rd6 37. Nxe5 Bb7 38. Rd2 Kg8 39. Ng4 Ng6 40. g3 h5 41. Nf2 Ne5 42. Re3 Kh7 43. Kf1 Ra1+ 44. Rd1 Rda6 45. Kg2 Rxd1 46. Bxd1 Bc6 47. Bxh5 Ra2 48. Re2 g6 49. Bf3 Nxf3 50. Kxf3 Kg7 51. Ke3 Kf7 52. Ng4 Bd7 53. Kf3 Kg7 54. h4 Bc6 55. Kf4 Ra8 56. Ne3 Rd8 57. Rd2 g5+ 58. hxg5 fxg5+ 59. Kxg5 Bxe4 60. Kf4 Bc6 61. Ke5 Be8 62. Kf4 Bc6 63. g4 Kf6 64. g5+ Kg6 65. Nf5 Rf8 66. d4 Rxf5+ 67. Ke3 Rf3+ 68. Ke2 cxd4 69. Rxd4 Kxg5 70. Kd1 Rf4 71. Rxf4 Kxf4 72. Kc2 Ke4 73. Kb3 Kd4 74. Kxb4 Bd7 75. b3 Be8 1/2-1/2

[Event "FRA-ch op-D"]
[Site "Pau"]
[Date "2008.08.17"]
[Round "6"]
[White "Parisot, Anthony"]
[Black "Wolfangel, Jocelyne"]
[Result "1-0"]
[WhiteElo "1490"]
[BlackElo "1440"]
[PlyCount "128"]
[EventDate "2008.08.11"]
[EventType "swiss"]
[EventRounds "9"]
[EventCountry "FRA"]
[SourceTitle "CBM 126 Extra"]
[Source "ChessBase"]
[SourceDate "2008.11.05"]
[SourceVersion "1"]
[SourceVersionDate "2008.11.05"]
[SourceQuality "1"]

1. Nf3 Nf6 2. d4 d5 3. c4 e6 4. Bg5 Be7 5. Nc3 0-0 6. e3 Nbd7 7. Bd3 dxc4 8. Bxc4 Nb6 9. Bb3 Nbd5 10. Qd3 Nb4 11. Qd1 b6 12. 0-0 Bb7 13. a3 Nbd5 14. Rc1 Nxc3 15. Rxc3 Ne4 16. Bxe7 Nxc3 17. Bxd8 Nxd1 18. Be7 Rfe8 19. Bb4 Nxb2 20. Rb1 Nd3 21. Bc3 Be4 22. Nd2 Bg6 23. Bc2 Nf4 24. Bxg6 Nxg6 25. Nf3 f6 26. h4 Ne7 27. Kf1 Nd5 28. Bb2 Rac8 29. e4 Nf4 30. g3 Nd3 31. Ba1 c5 32. Ke2 c4 33. Ne1 Nxe1 34. Kxe1 Red8 35. Bc3 Rd7 36. Ke2 Kf7 37. Ke3 g6 38. f4 f5 39. e5 Rb7 40. Kd2 a6 41. Kc2 Rcb8 42. Kb2 b5 43. Ka2 Ke8 44. Bb4 Rc8 45. Bc5 Rxc5 46. dxc5 Rc7 47. Rd1 Rd7 48. Rd6 Rxd6 49. exd6 Kd7 50. Kb2 a5 51. Kc3 Kc6 52. a4 bxa4 53. Kxc4 h6 54. Kc3 Kd7 55. Kb2 Kc6 56. Ka3 Kd7 57. Kxa4 Kc6 58. Kxa5 Kd7 59. Ka6 Kc6 60. Ka7 Kd7 61. Kb7 Kd8 62. Kc6 Kc8 63. d7+ Kd8 64. Kd6 h5 1-0